Jorge Galindo (Record no. 11701)

MARC details
000 - LÍDER
campo de control de longitud fija 01565nam a2200241Ia 4500
008 - ELEMENTOS DE DATOS DE LONGITUD FIJA - INFORMACIÓN GENERAL
campo de control de longitud fija 0000002007 sp ad 0000000000spa00
090 ## - NÚMERO DE LLAMADA DE TIPO LC LOCALMENTE ASIGNADO (OCLC)
Número de clasificación (OCLC) (R) PSP00 J67j
245 13 - TÍTULO DECLARACIÓN
Título Jorge Galindo
Resto del título : pintura de todos los géneros
Declaración de responsabilidad / traducción Elena R. Rodríguez ; fotografías Oronoz, Cuauhtli Gutiérrez
260 ## - PUBLICACIÓN, DISTRIBUCIÓN
Lugar de publicación Madrid : Galería Soledad Lorenzo
Fecha de publicación 2007
300 ## - DESCRIPCIÓN FÍSICA
Alcance 43 p.
Dimensiones / 28 cm.
500 ## - NOTA GENERAL
Nota general Exposición realizada en Galería Soledad Lorenzo, Madrid, mayo 22 junio 30, 2007 \ Incluye cronología del artista \ Texto blingue : español inglés \ Proyecto Ganador Programa Apoyos Concertados FGAA 2010
501 ## - Con nota
Con nota Jorge Galindo : los préstamos y escondrijos de un inventor de imágenes = Jorge Galindo : the borrowings and burrowings of an image spinner \ Kevin Power
505 ## - NOTA DE CONTENIDO FORMATEADA
Nota sobre el contenido formateado OBRAS : Delirio El labio del ventrilocuo Fortune teller Ventriloquos and physical phantasmagoria Ombligo del mundo, bruant a téte brune Ilusionismo rosa Banquete monocromo (ilusionista) Bodegón ornamental (la despensa de Snyders) Ultrapaisaje El mundo aparante Teint ideole (ultra) Medusa crisaora Armadillo Camaleón Cecrocia, mariposa para Dalí
600 00 - ENTRADA DE SUJETO AÑADIDO - NOMBRE PERSONAL
Nombre de la persona GALINDO, JORGE, 1965 /
Subdivisión general TRABAJOS PICTORICOS
650 14 - ENTRADA DE SUJETO AÑADIDO - TÉRMINO TÓPICO
Término tópico o elemento de entrada del nombre geográfico ARTE CONTEMPORANEO ESPAÑOL
650 14 - ENTRADA DE SUJETO AÑADIDO - TÉRMINO TÓPICO
Término tópico o elemento de entrada del nombre geográfico ARTISTAS PLASTICOS ESPAÑOLES EXPOSIONES
650 14 - ENTRADA DE SUJETO AÑADIDO - TÉRMINO TÓPICO
Subdivisión general CATALOGOS
650 14 - ENTRADA DE SUJETO AÑADIDO - TÉRMINO TÓPICO
Subdivisión general EXPOSICIONES
650 14 - ENTRADA DE SUJETO AÑADIDO - TÉRMINO TÓPICO
Término tópico o elemento de entrada del nombre geográfico PINTORES ESPAÑOLES
650 14 - ENTRADA DE SUJETO AÑADIDO - TÉRMINO TÓPICO
Término tópico o elemento de entrada del nombre geográfico PINTURA ACRILICA (ARTE)
650 14 - ENTRADA DE SUJETO AÑADIDO - TÉRMINO TÓPICO
Término tópico o elemento de entrada del nombre geográfico PINTURA ESPAÑOLA
700 1# - ENTRADA AGREGADA - NOMBRE PERSONAL
Nombre de la persona Rodriguez, Elena R. \ Gutiérrez, Cuahtli \ Power, Kevin
Holdings
Estado de retirada Pérdida de estatus Estado dañado No para préstamo Código de recogida Ubicación permanente Ubicación actual Ubicación de las estanterías Fecha de adquisición Número de llamada completo Código de barras Fecha de la última vez que se vio Número de copia Precio efectivo desde Tipo de artículo Koha
        General ArtNexus ArtNexus General 06/09/2022 P-SP-00 J67J 11813 06/09/2022 Ej.1 06/09/2022 Libro

Powered by Koha